Flames in the rain forest : (Registro nro. 1635)
[ vista simple ]
| 000 -CABECERA | |
|---|---|
| Campo de control | 01263cam a2200301 i 4500 |
| 005 - FECHA Y HORA DE LA ULTIMA TRANSACCION | |
| Campo de control | 20171011020002.0 |
| 008 - ELEMENTOS DE LONGITUD FIJA—INFORMACION GENERAL | |
| Campo de control | 010814s1999 bl ab b f000 0 eng |
| 040 ## - FUENTE DE CATALOGACIÓN | |
| Agencia catalogadora original | DLC |
| Agencia transcriptora | DLC |
| Agencia Modificadora | DLC |
| -- | CO-BoIAVH |
| 041 ## - IDIOMA | |
| Código de idioma para texto/pista de sonido o título separado | Inglés |
| 042 ## - AUTHENTICATION CODE | |
| Authentication code | lcode |
| 043 ## - GEOGRAPHIC AREA CODE | |
| Geographic area code | s-bl--- |
| 082 04 - NUMERO DE CLASIFICACION DECIMAL DEWEY | |
| Número de clasificación | 333.75137 |
| Número del ítem | N44f |
| 100 1# - ASIENTO PRINCIPAL--NOMBRE PERSONAL | |
| Nombre personal | Nepstad, Daniel C. |
| 9 (RLIN) | 13139 |
| 245 10 - MENCION DE TITULO | |
| Título | Flames in the rain forest : |
| Parte restante del título | origins, impacts, and alternatives to Amazonian fires / |
| Mención de responsabilidad | by Daniel C. Nepstad, Adriana G. Moreira & Ane A. Alencar. |
| 260 ## - PUBLICACION, DISTRIBUCION, ETC. (PIE DE IMPRENTA) | |
| Lugar de publicación, distribución, etc. | [Brasília, Brazil] : |
| Nombre del editor, distribuidor, etc. | Pilot Program to Conserve the Brazilian Rain Forest, |
| Fecha de publicación, distribución, etc. | 1999. |
| 300 ## - DESCRIPCION FISICA | |
| Extensión | xxvii, 161 páginas : |
| Otros detalles físicos | ilustraciones y mapas ; |
| Dimensiones | 23 cm. |
| 504 ## - NOTA DE BIBLIOGRAFIA, ETC. | |
| Nota de bibliografía | Incluye referencias bibliográficas. |
| 650 14 - ASIENTO SECUNDARIO DE MATERIA - TERMINO TEMATICO | |
| Término temático o nombre geográfico como elemento de entrada | Deforestación |
| Subdivisión geográfica | Brazil. |
| 9 (RLIN) | 59378 |
| 650 24 - ASIENTO SECUNDARIO DE MATERIA - TERMINO TEMATICO | |
| Término temático o nombre geográfico como elemento de entrada | Quema de tierras |
| Subdivisión geográfica | Brazil. |
| 9 (RLIN) | 59379 |
| 650 24 - ASIENTO SECUNDARIO DE MATERIA - TERMINO TEMATICO | |
| Término temático o nombre geográfico como elemento de entrada | Incendios forestales |
| Subdivisión geográfica | Brazil. |
| 9 (RLIN) | 59380 |
| 650 24 - ASIENTO SECUNDARIO DE MATERIA - TERMINO TEMATICO | |
| Término temático o nombre geográfico como elemento de entrada | Deforestación |
| Subdivisión geográfica | Región amazónica |
| 9 (RLIN) | 59381 |
| 650 24 - ASIENTO SECUNDARIO DE MATERIA - TERMINO TEMATICO | |
| Término temático o nombre geográfico como elemento de entrada | Quema de tierras |
| Subdivisión geográfica | Región amazónica |
| 9 (RLIN) | 59382 |
| 650 24 - ASIENTO SECUNDARIO DE MATERIA - TERMINO TEMATICO | |
| Término temático o nombre geográfico como elemento de entrada | Incendios forestales |
| Subdivisión geográfica | Región amazónica |
| 9 (RLIN) | 59383 |
| 700 1# - ASIENTO SECUNDARIO - NOMBRE PERSONAL | |
| Nombre personal | Moreira, Adriana Goncalves, |
| Término de relación | autor. |
| 9 (RLIN) | 59384 |
| 700 1# - ASIENTO SECUNDARIO - NOMBRE PERSONAL | |
| Nombre personal | Alencar, Ane A. |
| Forma más completa del nombre | (Ane Auxiliadora) |
| Término de relación | autor. |
| 9 (RLIN) | 59385 |
| 710 2# - ASIENTO SECUNDARIO - NOMBRE CORPORATIVO | |
| Nombre corporativo o de jurisdicción como elemento de entrada | Pilot Program to Conserve the Brazilian Rain Forest. |
| 9 (RLIN) | 59386 |
| 942 ## - ELEMENTOS ADICIONALES (KOHA) | |
| Sistema de clasificación | Dewey Decimal Classification |
| Tipo de ítem | Libro |
| Koha issues (borrowed), all copies | 1 |
| Withdrawn status | Lost status | Sistema de Clasificación | Damaged status | No para préstamo | Colección | Ubicación Permanente | Ubicación actual | Fecha de adquisición | Total Checkouts | Total Renewals | Número topográfico | Inventario / Código de Barras | Date last seen | Date checked out | Ejemplar | Price effective from | Forma de adquisición | Tipo de material | Inventariado | Fuente de Valor | Valor |
|---|---|---|---|---|---|---|---|---|---|---|---|---|---|---|---|---|---|---|---|---|---|
| Dewey Decimal Classification | General | Bogotá | Bogotá | 03/05/2000 | 1 | 1 | LB-333.75137 N44f | 002250 | 04/12/2017 | 10/10/2017 | Ej. 1 | 04/12/2012 | Libro | ||||||||
| Dewey Decimal Classification | General | Sala Fabio Quevedo | Sala Fabio Quevedo | 21/05/2003 | LB-333.75137 N44f | 004844 | 04/12/2012 | Ej. 2 | 04/12/2012 | Donación | Libro | Inventariado 2017 | Biocomercio | 39000.00 |